Heat transfer in manufacturing and materials processing : presented at the 1989 National Heat Transfer Conference, Philadelphia, Pennsylvania, August 6-9, 1989 /

Saved in:
Bibliographic Details
Corporate Authors: American Society of Mechanical Engineers. Heat Transfer Division, National Heat Transfer Conference
Other Authors: Shah, R. K.
Format: Conference Proceeding Book
Language:English
Published: New York, N.Y. : American Society for Mechanical Engineers, c1989.
Series:HTD (Series) ; v. 113.
Subjects:
LEADER 01443cam a2200325 a 4500
001 c000291910
003 CARM
005 20090512161957.0
008 891114s1989 nyua b 100 0 eng
010 |a 89206563 
019 1 |a 7047855  |5 LACONCORD2021 
020 |a 0791803554 
035 |a (OCoLC)21047133  |5 LACONCORD2021 
040 |a DLC  |b eng  |c DLC  |d DLC  |d L 
050 0 0 |a TJ260  |b .H3945 1989 
082 0 0 |a 621.402/2  |2 20 
245 0 0 |a Heat transfer in manufacturing and materials processing :  |b presented at the 1989 National Heat Transfer Conference, Philadelphia, Pennsylvania, August 6-9, 1989 /  |c sponsored by the Heat Transfer Division ; edited by R.K. Shah. 
260 |a New York, N.Y. :  |b American Society for Mechanical Engineers,  |c c1989. 
300 |a vii, 149 p. :  |b ill. ;  |c 28 cm. 
490 1 |a HTD ;  |v vol. 113 
504 |a Includes bibliographical references. 
650 0 |a Heat  |x Transmission  |v Congresses. 
650 0 |a Manufacturing processes  |v Congresses. 
700 1 |a Shah, R. K. 
710 2 |a American Society of Mechanical Engineers.  |b Heat Transfer Division 
711 2 |a National Heat Transfer Conference  |n (26th :  |d 1989 :  |c Philadelphia, Pa.) 
830 0 |a HTD (Series) ;  |v v. 113. 
852 8 |b CARM  |h A3:AE22D0  |i F06355  |p 0528222  |f BK 
999 f f |i 1e7957f6-7226-5e1d-ab48-013203139137  |s 8ef3757e-0993-5a1b-987a-b07a25e3f3e5 
952 f f |p Can circulate  |a CAVAL  |b CAVAL  |c CAVAL  |d CARM 1 Store  |e F06355  |f A3:AE22D0  |h Other scheme  |i book  |m 0528222